| 000 | 01184nam a2200205 a 4500 | ||
|---|---|---|---|
| 008 | 120416s0000 ||||||||||||||||| || u | ||
| 020 | _a0946967008 | ||
| 050 | _aRA 971.3 Hea | ||
| 100 | _aGretton, John | ||
| 245 | 1 | 0 |
_aHealth care, UK _cedited by Anthony Harrison |
| 246 | _aan economic, social and policy audit | ||
| 260 |
_aLondon _bChartered Institute of Public Finance an _c1984 |
||
| 300 | _a132 pages : illustrations | ||
| 350 | _a0.00 | ||
| 700 | _aHarrison, Anthony | ||
| 995 |
_aANNEX COLLECTION (Main Library) _D0.00 _e710144 _FCBU-MAIN LIBRARY (Kitwe) _H4 _I24.50 _jRA 971.3 Hea _M4 _UAVAILABLE _WApr 10, 2007 _y015120 _ZAnnex Low-Usage Collection |
||
| 995 |
_aANNEX COLLECTION (Main Library) _D0.00 _e710143 _FCBU-MAIN LIBRARY (Kitwe) _H2 _I24.50 _jRA 971.3 Hea _M2 _UAVAILABLE _WApr 10, 2007 _y015121 _ZAnnex Low-Usage Collection |
||
| 995 |
_aMAIN LIBRARY OPEN ACCESS _D0.00 _e710142 _FCBU-MAIN LIBRARY (Kitwe) _H1 _I24.50 _jRA 971.3 Hea _M1 _UAVAILABLE _WApr 10, 2007 _y015122 _ZMain Library Open Access Collection |
||
| 995 |
_aANNEX COLLECTION (Main Library) _D0.00 _e710141 _FCBU-MAIN LIBRARY (Kitwe) _H3 _I24.50 _jRA 971.3 Hea _M3 _UAVAILABLE _WApr 10, 2007 _y015123 _ZAnnex Low-Usage Collection |
||
| 999 |
_c76145 _d76145 |
||